000 00432nam a2200205Ia 4500
001 13418
003 GE_BSU
008 181216s||||||||xx |||||||||||||| ||und||
020 _a9780586213896
040 _cGE_BSU
080 _a821.111-3
100 _aRobinson,Kim Stanley
245 _aRed Mars
260 _aLondon
260 _bHarper Collins
260 _c1992
300 _a669p.18cm.
653 _aRed Mars
942 _cBK
999 _c46579
_d46579